000 00288nam a2200121Ia 4500
005 20251222144809.0
008 251222s9999||||xx |||||||||||||| ||spa||
020 _a84-7971-000-4
082 _a641.594.5/P86
245 0 _aPrimeros Platos:
264 _bServilibro Ediciones
942 _cLIB
999 _c20044
_d20044